Heat and thermodynamics (Record no. 15981)

000 -LEADER
fixed length control field 00471nam a22001937a 4500
001 - CONTROL NUMBER
control field 15981
003 - CONTROL NUMBER IDENTIFIER
control field BD-DhUET
008 - FIXED-LENGTH DATA ELEMENTS--GENERAL INFORMATION
fixed length control field 150316b xxu||||| |||| 00| 0 eng d
040 ## - CATALOGING SOURCE
Original cataloging agency DLC
Transcribing agency DLC
Modifying agency BD-DhUET
082 ## - DEWEY DECIMAL CLASSIFICATION NUMBER
Classification number 536
Item number ROB/1962
100 ## - MAIN ENTRY--PERSONAL NAME
Personal name Roberts, J. K.
245 ## - TITLE STATEMENT
Title Heat and thermodynamics
250 ## - EDITION STATEMENT
Edition statement 5th ed.
260 ## - PUBLICATION, DISTRIBUTION, ETC. (IMPRINT)
Place of publication, distribution, etc. London
Name of publisher, distributor, etc. Blackie and Son
Date of publication, distribution, etc. 1962
300 ## - PHYSICAL DESCRIPTION
Extent xx, 619p.
650 #0 - SUBJECT ADDED ENTRY--TOPICAL TERM
Topical term or geographic name as entry element Heat and thermodynamics
700 ## - ADDED ENTRY--PERSONAL NAME
Personal name Miller, A. R.
942 ## - ADDED ENTRY ELEMENTS (KOHA)
Koha item type General Book
Holdings
Koha item type Lost status Damaged status Koha date last seen Price effective from Source of classification or shelving scheme Date acquired Not for loan Withdrawn status Piece designation (barcode) Koha full call number Shelving location Copy number Location (home branch) Koha normalized classification for sorting Sublocation or collection (holding branch)
General Book  2015-03-162015-03-16 2015-03-16  20813536/ROR/1962Circulation section1Central Library, BUET536_000000000000000_ROR_1962Central Library, BUET
General Book  2015-03-212015-03-21 2015-03-21  1613536/ROR/1962Circulation section2Central Library, BUET536_000000000000000_ROR_1962Central Library, BUET
General Book  2017-07-162015-03-21 2015-03-21  13456536/ROB/1962Circulation section3Central Library, BUET536_000000000000000_ROB_1962Central Library, BUET
General Book  2015-03-212015-03-21 2015-03-21  13457536/ROB/1962Circulation section4Central Library, BUET536_000000000000000_ROB_1962Central Library, BUET